000 00484nam a2200169Ia 4500
003 LK-CoDNM
008 010623t xxu||||| |||| 00| 1 sin d
040 _aLK-CoDNM
_dLK-CoDNM
_eLK-CoDNM
041 _asin
080 _a294.39 VIJ
100 _aVijithadhamma Thero,Siyabalagaharuppe.
245 _aභාරතීය බෞද්ධ සිද්ධස්ථාන
246 _aBharathiya Bauddha Siddastana
260 _bS.Godage
_aColombo
300 _b362p., 21 cm
942 _cBK
999 _c140046
_d140046